000 00648nam a2200229Ia 4500
003 OSt
005 20220926013532.0
006 a|||||r|||| 00| 0
007 ta
008 220923b |||||||| |||| 00| 0 eng d
037 _cGeneral Book
040 _aRTL
_cRTL
_beng
041 _2eng
_aeng
082 _aX:3M24xM18:g(X:97D), G5
100 _aLozovsky A
245 0 _aMarx and the trade unions
260 _aNew York
_bInternational publishers
_c1935
300 _a195p
_ccm.
650 _aEconomics Classics Karl Marx
942 _hX:3M24xM18:g(X:97D), G5
_cGB
_2CC
999 _c626175
_d626175